Временные методические рекомендации по использованию спутниковой информации в оперативной практике гидрометслужбы (Запись № 5442914)
[ простой вид ]
| 000 -МАРКЕР | |
|---|---|
| контрольное поле | 01816nam1a22002771i 4500 |
| 001 - ИДЕНТИФИКАТОР ЗАПИСИ | |
| контрольное поле | rc\2513940 |
| 005 - ИДЕНТИФИКАТОР ВЕРСИИ | |
| контрольное поле | 20260407132053.0 |
| 035 ## - ДРУГИЕ СИСТЕМНЫЕ НОМЕРА | |
| Идентификатор записи | (NLR Aleph) 006720962 |
| 100 ## - ДАННЫЕ ОБЩЕЙ ОБРАБОТКИ | |
| Данные общей обработки | 20110830g1978 |||y0rusy50 ca |
| 101 0# - ЯЗЫК РЕСУРСА | |
| Язык текста, звукозаписи и т.д. | русский |
| 102 ## - СТРАНА ПУБЛИКАЦИИ ИЛИ ПРОИЗВОДСТВА | |
| Страна публикации | Российская Федерация |
| 105 ## - ПОЛЕ КОДИРОВАННЫХ ДАННЫХ: ТЕКСТОВЫЕ МАТЕРИАЛЫ, МОНОГРАФИЧЕСКИЕ | |
| Кодированные данные о монографическом текстовом документе | z ||||| |
| 200 1# - ЗАГЛАВИЕ И СВЕДЕНИЯ ОБ ОТВЕТСТВЕННОСТИ | |
| Основное заглавие | Временные методические рекомендации по использованию спутниковой информации в оперативной практике гидрометслужбы |
| Первые сведения об ответственности | Гл. упр. гидрометеорол. службы при Совете Министров СССР. Гос. гидрол. ин-т |
| 210 ## - ПУБЛИКАЦИЯ, РАСПРОСТРАНЕНИЕ И ДР. | |
| Место издания, распространения и т.д. | Ленинград |
| Имя издателя, распространителя и т. д. | Гидрометеоиздат |
| Дата издания, распространения и т.д. | 1978- |
| 215 ## - ФИЗИЧЕСКАЯ ХАРАКТЕРИСТИКА | |
| Размеры | 21 |
| 300 ## - ОБЩИЕ ПРИМЕЧАНИЯ | |
| Текст примечания | Загл. Вып. 3: Временные методические рекомендации по использованию спутниковой информации |
| 300 ## - ОБЩИЕ ПРИМЕЧАНИЯ | |
| Текст примечания | Надзаг Вып. 2: Гос. гидрол. ин-т, Гос. н.-и. центр изуч. природ. ресурсов, Зап.-Сиб. н.-и. гидрометеорол. ин-т, Среднеаз. регион. н.-и. гидрометеорол. ин-т; Вып. 3: Гос. ком. СССР по гидрометеорологии и контролю природ. среды, Гос. гидрол. ин-т |
| 517 0# - ДРУГИЕ ВАРИАНТЫ ЗАГЛАВИЯ | |
| Вариант заглавия | Временные методические рекомендации по использованию спутниковой информации |
| 686 ## - ИНДЕКСЫ ДРУГИХ КЛАССИФИКАЦИЙ | |
| Индекс | Д23с141.271я8 |
| Код системы | |
| 712 02 - НАИМЕНОВАНИЕ ОРГАНИЗАЦИИ - ВТОРИЧНАЯ ОТВЕТСТВЕННОСТЬ | |
| Начальный элемент ввода | Гидрологический институт |
| Идентифицирующий признак | Ленинград |
| Системный номер авторитетной/нормативной записи | 475080 |
| Идентификатор авторитетной/нормативной записи | RU\NLR\AUTH\889989782 |
| 801 #0 - ИСТОЧНИК ЗАПИСИ | |
| Страна | Российская Федерация |
| Организация | NLR |
| Правила каталогизации | psbo |
| 801 #1 - ИСТОЧНИК ЗАПИСИ | |
| Страна | Российская Федерация |
| Организация | ELAR |
| Источник данных | rusmarc |
| 852 ## - МЕСТОНАХОЖДЕНИЕ И ШИФР ХРАНЕНИЯ | |
| Идентификатор организации | NLR |
| Шифр хранения (Call Number) | Desideratum |
| 899 ## - ДАННЫЕ О МЕСТОНАХОЖДЕНИИ (устаревшее) | |
| Местонахождение | RuMoRGB |
| Шифр хранения | M 78-5/50 |
| 942 ## - ДОПОЛНИТЕЛЬНЫЕ ЭЛЕМЕНТЫ ЗАПИСИ (АБИС) | |
| Тип экземпляра АБИС | Книга |
Нет доступных экземпляров.